000 00679nam a2200193Ia 4500
003 GCL
008 140319s9999 xx 000 0 ara d
040 _aGCL /
_cGCL
082 0 4 _a953.09
_bع ا
100 1 _aعبدالعزيز عبدالغنى ابراهيم
245 1 0 _aامراء وغزاة: قصة الحدود والسيادة الاقليمية فى الخليج: دراسة وثائقية /
_cعبدالعزيز عبدالغنى ابراهيم
260 _a[S.N] :
_bدار الساقى ،
_c1991
300 _a335 ص
490 _a
650 0 4 _aتاريخ
650 0 4 _aالخليج العربى
650 0 4 _aالحدود السياسية
942 _2ddc
_cBK
999 _c54854
_d54854